Suzman and Gordon on The Law of Compulsory Motor Vehicle Insurance in South Africa / (Record no. 63)

MARC details
000 -LEADER
fixed length control field 00552nam a22001577a 4500
005 - DATE AND TIME OF INPUT
control field 20231026062536.0
008 - DATA ELEMENTS--GENERAL INFORMATION
fixed length control field 231026b |||||||| |||| 00| 0 eng d
082 ## - SHELF NUMBER
DDC number 346.7 SUZ
100 ## - MAIN AUTHOR
Main author's name Gordon, G and Odes, MW
Language of a work English
245 ## - TITLE STATEMENT
Title Suzman and Gordon on The Law of Compulsory Motor Vehicle Insurance in South Africa /
Statement of responsibility, etc. G Gordon and MW Odes
250 ## - EDITION STATEMENT
Edition statement Second Edition
260 ## - PUBLICATION, DISTRIBUTION, ETC.
Place of publication, distribution, etc. Cape Town :
Name of publisher, distributor, etc. Juta & Company Ltd,
Date of publication, distribution, etc. 1970
300 ## - PHYSICAL DESCRIPTION
Other physical details xvii, 375 pages ;
Dimensions 26 cm.
650 ## - SUBJECT`
Broad subject Legal practice
Own subject terms Law
942 ## - ADDED ENTRY ELEMENTS (KOHA)
Item type Books
942 ## - ADDED ENTRY ELEMENTS (KOHA)
-- ALISON_BN_VRIES
Holdings
Source of classification or shelving scheme Not for loan Collection code Home library Current library Shelving location Date acquired Full call number Barcode Price effective from Koha item type
Dewey Decimal Classification   TEXT BOOKS LAW SOCIETY OF NAMIBIA LIBRARY - WINDHOEK LAW SOCIETY OF NAMIBIA LIBRARY - WINDHOEK Civil Procedure and Court 10/26/2023 346.7 SUZ LSN/1986/114 10/26/2023 Books